[Event "Superettan(Stockholms SS-Upsala)"]
[Site "?"]
[Date "2017.02.04"]
[Round "5"]
[White "Johansson, Carl Fredrik"]
[Black "Couso, Luis"]
[Result "0-1"]
[WhiteElo "2201"]
[BlackElo "2299"]
[PlyCount "70"]
1. d4 d5 2. c4 c6 3. Nf3 Nf6 4. g3 dxc4 5. Bg2 e6 6. Qc2 b5 7. O-O Bb7 8. b3
cxb3 9. axb3 Be7 10. Bb2 Nbd7 11. Nc3 Qb6 12. Ne5 c5 13. Nxd7 Nxd7 14. d5 O-O
15. Rfd1 Bf6 16. dxe6 Bxg2 17. exd7 Bb7 18. Nd5 Bxd5 19. Rxd5 Bxb2 20. Qxb2
Rfd8 21. Qe5 f6 22. Qe7 c4 23. b4 h6 24. Ra3 a5 25. bxa5 Qc6 26. Rd6 Qc5 27.
Rf3 Qe5 28. Re6 Qd4 29. Rd6 Qe5 30. Re6 Qd4 31. Rb6 Rxd7 32. Qb4 Qe4 33. Qb2
Rxa5 34. Rb8+ Kh7 35. Rxb5 c3 0-1

[Event "Superettan(Stockholms SS-Upsala)"]
[Site "?"]
[Date "2017.02.04"]
[Round "5"]
[White "Bergstrom, Rolf"]
[Black "Malm Lindberg, Henrik"]
[Result "1/2-1/2"]
[WhiteElo "2268"]
[BlackElo "2232"]
[PlyCount "36"]
1. b3 e5 2. Bb2 Nc6 3. e3 Nf6 4. Bb5 Bd6 5. Ne2 O-O 6. O-O Re8 7. Ng3 Bf8 8. d3
Nb8 9. d4 e4 10. d5 Nxd5 11. Qxd5 c6 12. Qd2 cxb5 13. Nc3 b4 14. Nd5 Nc6 15.
Nh5 Re6 16. Rad1 b6 17. Nhf4 Rh6 18. h3 Ba6 1/2-1/2

[Event "Superettan(Stockholms SS-Upsala)"]
[Site "?"]
[Date "2017.02.04"]
[Round "5"]
[White "Svensson, Mans"]
[Black "van Hengel, Hugo"]
[Result "0-1"]
[WhiteElo "2163"]
[BlackElo "2235"]
[PlyCount "108"]
1. d4 d5 2. c4 c6 3. Nf3 e6 4. Qc2 dxc4 5. Qxc4 Nf6 6. g3 b5 7. Qc2 Bb7 8. Bg2
Nbd7 9. O-O c5 10. Nc3 b4 11. Na4 Rc8 12. Qd1 Qa5 13. a3 cxd4 14. axb4 Bxb4 15.
Qxd4 O-O 16. Be3 Nd5 17. Nc3 Bxc3 18. Rxa5 Bxd4 19. Bxd4 a6 20. Nd2 Rc2 21. Rd1
Rfc8 22. e4 Nb4 23. Bc3 Nc6 24. Raa1 Nc5 25. Nf1 Nb3 26. Rab1 Rd8 27. e5 Kf8
28. Rxd8+ Nxd8 29. Rd1 Bxg2 30. Kxg2 Nb7 31. Rd7 N7c5 32. Rd8+ Ke7 33. Rb8 Kd7
34. Ne3 Rc1 35. Rg8 g6 36. Rb8 a5 37. Ng4 a4 38. Bb4 Na6 39. Nf6+ Kc6 40. Rc8+
Kb5 41. Rxc1 Nxc1 42. Ba3 Kc4 43. Nd7 Nb4 44. Kf3 Nc2 45. Bd6 Nd3 46. Nb6+ Kb5
47. Nxa4 Kxa4 48. Kg4 Nxf2+ 49. Kg5 Ne4+ 50. Kh6 Nxd6 51. exd6 Nd4 52. d7 Nc6
53. Kg5 e5 54. Kg4 f5+ 0-1

[Event "Superettan(Stockholms SS-Upsala)"]
[Site "?"]
[Date "2017.02.04"]
[Round "5"]
[White "Wiander, Michael"]
[Black "Cederberg, Karl Olof"]
[Result "1/2-1/2"]
[WhiteElo "2252"]
[BlackElo "2209"]
[PlyCount "84"]
1. e4 e5 2. Nf3 d6 3. d4 Nf6 4. Bc4 Nxe4 5. dxe5 c6 6. Nbd2 Nc5 7. Nb3 d5 8.
Bg5 Be7 9. Bxe7 Qxe7 10. Nxc5 Qxc5 11. Bd3 Bg4 12. O-O Nd7 13. Re1 Nf8 14. a4
Ne6 15. Ra3 Ng5 16. Be2 Ne4 17. Nd4 Bxe2 18. Rxe2 O-O-O 19. f3 Ng5 20. Kh1 Kb8
21. Ree3 Rhe8 22. Rac3 Qf8 23. Rb3 Ka8 24. Nf5 d4 25. Re1 Qc5 26. f4 Ne6 27.
Nd6 Re7 28. Qd2 Nxf4 29. Nxb7 Rxb7 30. Rxb7 Kxb7 31. Qxf4 Rd7 32. Qg4 Kc7 33.
Qg3 Kb7 34. Qg4 Kc7 35. Qg3 Re7 36. Qxg7 Qxc2 37. Qf6 Qc5 38. Qf5 Qd5 39. h3 d3
40. Rd1 Rxe5 41. Qg4 Qd6 42. Qg3 Kb7 1/2-1/2

[Event "Superettan(Vasteras-Rockaden,Sthlm II)"]
[Site "?"]
[Date "2017.02.04"]
[Round "5"]
[White "Berovski, Krum"]
[Black "Akesson, Ralf"]
[Result "1-0"]
[WhiteElo "2315"]
[BlackElo "2413"]
[PlyCount "77"]
[SourceDate "2017.02.13"]
1. d4 Nf6 2. c4 g6 3. Nc3 d5 4. Bf4 Bg7 5. e3 c5 6. dxc5 Qa5 7. Qb3 O-O 8. Qb5
Qxb5 9. cxb5 Bf5 10. Rd1 Rc8 11. b4 a5 12. bxa6 Nxa6 13. Bxa6 Rxa6 14. Nge2 Nh5
15. Nxd5 Kf8 16. Rd2 Nxf4 17. exf4 Rd8 18. Ndc3 Rd3 19. Rxd3 Bxd3 20. Kd2 Bxe2
21. Nxe2 Rxa2+ 22. Kd3 Ke8 23. Re1 Kd7 24. Kc4 e6 25. Kb5 Kc7 26. g4 Ra3 27. f5
Rf3 28. fxe6 fxe6 29. Ng3 Rxf2 30. Rxe6 Bf8 31. Re2 Rf4 32. h3 Rf7 33. Ne4 Be7
34. Nc3 Bd8 35. Nd5+ Kc8 36. Re8 h5 37. gxh5 gxh5 38. c6 bxc6+ 39. Kxc6 1-0

[Event "Superettan(Vasteras-Rockaden,Sthlm II)"]
[Site "?"]
[Date "2017.02.04"]
[Round "5"]
[White "Sjodahl, Pontus"]
[Black "Bryntze, Stefan"]
[Result "0-1"]
[WhiteElo "2419"]
[BlackElo "2173"]
[PlyCount "56"]
1. d4 e6 2. c4 b6 3. e4 Bb7 4. Bd3 Bb4+ 5. Kf1 Be7 6. Nc3 d6 7. Nf3 Nd7 8. g3
Ngf6 9. Kg2 O-O 10. Re1 c5 11. d5 Ng4 12. Ng1 Nge5 13. Be2 f5 14. f4 exd5 15.
Nxd5 Nc6 16. exf5 Kh8 17. Bf3 Bf6 18. Ne3 Qc7 19. Bd5 Rae8 20. Nf3 Nd4 21. Bd2
b5 22. Ba5 Qb8 23. Qd3 bxc4 24. Qxc4 Bxd5 25. Qxd5 Qxb2+ 26. Nd2 Rxe3 27. Rxe3
Qxa1 28. Qxd6 Nxf5 0-1

[Event "Superettan(Vasteras-Rockaden,Sthlm II)"]
[Site "?"]
[Date "2017.02.04"]
[Round "5"]
[White "Zadruzny, Nicolaj"]
[Black "Vaarala, Eric"]
[Result "1/2-1/2"]
[WhiteElo "2257"]
[BlackElo "2287"]
[PlyCount "87"]
1. e4 c5 2. Nf3 e6 3. b3 d5 4. exd5 exd5 5. Bb5+ Bd7 6. Bxd7+ Nxd7 7. O-O Bd6
8. Bb2 Ne7 9. Bxg7 Rg8 10. Bb2 Qb6 11. d4 c4 12. Ba3 O-O-O 13. bxc4 Bxa3 14.
Nxa3 Qa6 15. Qd3 Ng6 16. cxd5 Qxd3 17. cxd3 Nf4 18. g3 Nb6 19. Rfd1 Rxd5 20.
Rac1+ Kb8 21. Rc5 Na4 22. Rxd5 Nxd5 23. Nc4 Nac3 24. Rd2 Kc7 25. Rc2 f6 26. Ne3
Kd6 27. Nxd5 Nxd5 28. Nd2 b6 29. a3 Re8 30. Kf1 Kd7 31. Nc4 Re6 32. Re2 Rc6 33.
Re4 b5 34. Ne3 Rc1+ 35. Kg2 Nxe3+ 36. fxe3 Rc2+ 37. Kf3 Rxh2 38. Rh4 Rxh4 39.
gxh4 a5 40. Ke2 f5 41. Kd2 Kd6 42. Kc3 Kd5 43. Kb3 Kd6 44. Kc3 1/2-1/2

[Event "Superettan(Vasteras-Rockaden,Sthlm II)"]
[Site "?"]
[Date "2017.02.04"]
[Round "5"]
[White "Norberg, Johan"]
[Black "Berglind, Axel"]
[Result "1/2-1/2"]
[WhiteElo "2298"]
[BlackElo "2093"]
[PlyCount "63"]
1. g3 Nf6 2. Bg2 d5 3. Nf3 e6 4. O-O Be7 5. d3 O-O 6. Nbd2 c5 7. e4 Nc6 8. Re1
Qc7 9. c3 dxe4 10. dxe4 e5 11. Nf1 Be6 12. Bg5 Rad8 13. Qe2 c4 14. N3d2 b5 15.
Ne3 h6 16. Bxf6 Bxf6 17. Ndf1 Ne7 18. Rad1 g6 19. Nd5 Bxd5 20. exd5 Nf5 21. Ne3
Nxe3 22. Qxe3 Bg7 23. a4 a6 24. axb5 axb5 25. Ra1 Qd6 26. Ra7 Rfe8 27. Rb7 Rb8
28. Qa7 Rxb7 29. Qxb7 Rb8 30. Qc6 Bf8 31. Ra1 Rb6 32. Qe8 1/2-1/2

[Event "Superettan(Vasteras-Rockaden,Sthlm II)"]
[Site "?"]
[Date "2017.02.04"]
[Round "5"]
[White "Sorensen, Hampus"]
[Black "Bergstrom, Peter"]
[Result "0-1"]
[WhiteElo "2128"]
[BlackElo "2280"]
[PlyCount "90"]
1. d4 d5 2. c4 c6 3. Nf3 Nf6 4. Nc3 a6 5. c5 Nbd7 6. Bf4 g6 7. h3 Bg7 8. e3 O-O
9. Bd3 Re8 10. O-O Nh5 11. Bh2 e5 12. Nxe5 Nxe5 13. Bxe5 Bxe5 14. dxe5 Rxe5 15.
Ne2 Qh4 16. Kh2 Nf6 17. Nd4 Bg4 18. Be2 h5 19. Nf3 Bxf3 20. Bxf3 Ne4 21. Bxe4
Rxe4 22. Qf3 Rae8 23. Rfd1 Rb4 24. Rab1 Qe7 25. a3 Rxb2 26. Rxb2 Qe5+ 27. g3
Qxb2 28. Rd4 Qxa3 29. g4 hxg4 30. Rxg4 Qxc5 31. Qg3 Qe7 32. h4 Kg7 33. Kg1 Qe5
34. Qg2 Qa1+ 35. Kh2 Qe5+ 36. Kg1 b5 37. Rg5 Qa1+ 38. Kh2 Rh8 39. Qg3 Qf6 40.
f4 a5 41. f5 a4 42. Kg2 a3 43. h5 a2 44. fxg6 a1=Q 45. gxf7+ Kh7 0-1

[Event "Superettan(Vasteras-Rockaden,Sthlm II)"]
[Site "?"]
[Date "2017.02.04"]
[Round "5"]
[White "Nilsson, Andre"]
[Black "Sandbom, Jonas"]
[Result "1/2-1/2"]
[WhiteElo "2267"]
[BlackElo "2104"]
[PlyCount "31"]
1. g3 d5 2. Bg2 Nf6 3. d3 g6 4. Nf3 Bg7 5. O-O O-O 6. Nbd2 c5 7. e4 Nc6 8. exd5
Nxd5 9. Re1 b6 10. a3 Bb7 11. Rb1 Qd7 12. c4 Nc7 13. b4 Ne6 14. Ne4 cxb4 15.
axb4 Rfd8 16. Bf1 1/2-1/2

[Event "Superettan(Vasteras-Rockaden,Sthlm II)"]
[Site "?"]
[Date "2017.02.04"]
[Round "5"]
[White "Nikolic, Vladan"]
[Black "Landgren, Andreas"]
[Result "1/2-1/2"]
[WhiteElo "2087"]
[BlackElo "2215"]
[PlyCount "32"]
1. d4 d5 2. c4 e6 3. Nf3 c6 4. e3 Nf6 5. Bd3 Nbd7 6. b3 Bd6 7. Bb2 b6 8. Nbd2
Bb7 9. O-O O-O 10. Qe2 Qe7 11. e4 dxe4 12. Nxe4 Nxe4 13. Qxe4 f5 14. Qe2 c5 15.
Rfe1 Rae8 16. Rad1 cxd4 1/2-1/2

[Event "Superettan(Vasteras-Rockaden,Sthlm II)"]
[Site "?"]
[Date "2017.02.04"]
[Round "5"]
[White "Norberg, Erik"]
[Black "Bit-Narva, David"]
[Result "1/2-1/2"]
[WhiteElo "2238"]
[BlackElo "2001"]
[PlyCount "53"]
1. c4 e5 2. Nc3 d6 3. g3 f5 4. Bg2 Nf6 5. d3 Be7 6. e4 Nc6 7. Nge2 a5 8. O-O
O-O 9. d4 fxe4 10. d5 Nb4 11. Nxe4 Bg4 12. a3 Na6 13. Qc2 Qd7 14. N2c3 Nxe4 15.
Bxe4 Bf5 16. Be3 Bxe4 17. Qxe4 Qd8 18. Qg4 Nb8 19. Ne4 Nd7 20. Bg5 a4 21. f4
Kh8 22. Qh4 Bxg5 23. Nxg5 h6 24. Qh5 Qe8 25. Qxe8 Rfxe8 26. Ne6 Rac8 27. Rac1
1/2-1/2

[Event "Superettan(Stockholms SS-Upsala)"]
[Site "?"]
[Date "2017.02.04"]
[Round "5"]
[White "Johansson, Jan"]
[Black "Uddenfeldt, Dan"]
[Result "1/2-1/2"]
[WhiteElo "2355"]
[BlackElo "2369"]
[PlyCount "74"]
[SourceDate "2017.02.10"]
1. d4 Nf6 2. Bg5 d5 3. Nd2 Bf5 4. Bxf6 exf6 5. e3 c6 6. Ne2 Nd7 7. Ng3 Be6 8.
Bd3 g6 9. Ne2 f5 10. Nf4 Bd6 11. Qe2 O-O 12. Nxe6 fxe6 13. f4 c5 14. c3 Qb6 15.
Rb1 cxd4 16. cxd4 Rac8 17. O-O a5 18. Nf3 Rc7 19. g4 Nf6 20. gxf5 exf5 21. Ne5
Rfc8 22. Kh1 Ne4 23. Rg1 Bf8 24. Rbf1 Qb4 25. Rd1 a4 26. a3 Qb3 27. Rg2 Rc1 28.
Rxc1 Rxc1+ 29. Rg1 Rc7 30. h4 Bg7 31. Kh2 Qb6 32. h5 Qf6 33. Bxe4 dxe4 34. hxg6
Qh4+ 35. Kg2 Bxe5 36. dxe5 hxg6 37. Rh1 Qd8 1/2-1/2

[Event "Superettan(Stockholms SS-Upsala)"]
[Site "?"]
[Date "2017.02.04"]
[Round "5"]
[White "Lokander, Martin"]
[Black "Johansson, Thomas"]
[Result "1/2-1/2"]
[WhiteElo "2311"]
[BlackElo "2236"]
[PlyCount "83"]
1. d4 e6 2. c4 Nf6 3. Nc3 Bb4 4. Qc2 O-O 5. Nf3 d5 6. a3 Bxc3+ 7. Qxc3 dxc4 8.
Qxc4 b6 9. Bg5 Ba6 10. Qa4 h6 11. Bh4 Bb7 12. Rc1 Nbd7 13. e3 c5 14. Bxf6 Nxf6
15. dxc5 bxc5 16. Be2 Qb6 17. Qb5 Rfc8 18. Qxb6 axb6 19. O-O Kf8 20. Ne5 Rab8
21. Bb5 Ke7 22. f3 Rd8 23. e4 Ne8 24. b4 Rbc8 25. bxc5 bxc5 26. Rc3 Nd6 27. a4
f6 28. Ng4 h5 29. Ne3 Bc6 30. Rb1 Bxb5 31. axb5 Rd7 32. Nc4 Nxc4 33. Rxc4 Rd4
34. Rxd4 cxd4 35. f4 Kd6 36. b6 Kc6 37. b7 Rb8 38. Rd1 e5 39. fxe5 fxe5 40.
Rc1+ Kxb7 41. Rc5 Re8 42. h4 1/2-1/2

[Event "Superettan(Stockholms SS-Upsala)"]
[Site "?"]
[Date "2017.02.04"]
[Round "5"]
[White "Thorgeirsson, Sverrir"]
[Black "Lissang, Christopher"]
[Result "0-1"]
[WhiteElo "2283"]
[BlackElo "2338"]
[PlyCount "136"]
1. d4 Nf6 2. Nf3 e6 3. c4 Bb4+ 4. Bd2 c5 5. Bxb4 cxb4 6. Nbd2 Nc6 7. e3 O-O 8.
Bd3 d6 9. O-O e5 10. h3 Qe7 11. Ne4 Ne8 12. Bc2 f5 13. Ng3 g6 14. Ba4 Bd7 15.
c5 e4 16. cxd6 Nxd6 17. Bxc6 Bxc6 18. Qb3+ Qf7 19. Qxf7+ Nxf7 20. Nd2 Rfc8 21.
Rfc1 Bd5 22. Ne2 Nd6 23. f3 exf3 24. gxf3 b6 25. Nf4 Bb7 26. Kf2 Kf7 27. Nd3 a5
28. Ne5+ Ke6 29. Ndc4 Nxc4 30. Nxc4 b5 31. Ne5 Bd5 32. Nd3 Rxc1 33. Rxc1 Bxa2
34. e4 Bc4 35. Nc5+ Ke7 36. Ke3 a4 37. d5 a3 38. b3 a2 39. Ra1 Ra3 40. Kd4 Bxb3
41. Nxb3 Rxb3 42. Rxa2 Ra3 43. Rb2 Rxf3 44. e5 b3 45. h4 h6 46. Rd2 g5 47. hxg5
hxg5 48. d6+ Ke6 49. Kc5 Rc3+ 50. Kb6 Rc2 51. Rd1 Rc8 52. Kb7 Rd8 53. Kc7 Rd7+
54. Kc6 b2 55. Rb1 Rd8 56. Kc7 Rd7+ 57. Kc6 Rd8 58. Kc7 Rh8 59. Rxb2 f4 60.
Rxb5 f3 61. Kc6 f2 62. Rb7 Rc8+ 63. Rc7 Rf8 64. Re7+ Kf5 65. d7 f1=Q 66. Re8
Qc4+ 67. Kd6 Qb4+ 68. Kd5 Qb5+ 0-1

[Event "Superettan(Stockholms SS-Upsala)"]
[Site "?"]
[Date "2017.02.04"]
[Round "5"]
[White "Thorn, Eric"]
[Black "Burwick, Malte"]
[Result "1/2-1/2"]
[WhiteElo "2279"]
[BlackElo "2251"]
[PlyCount "56"]
1. d4 g6 2. e4 Bg7 3. c4 d6 4. Nf3 Nf6 5. Nc3 O-O 6. Be2 e5 7. Be3 Ng4 8. Bg5
f6 9. Bh4 Nd7 10. O-O Nh6 11. dxe5 dxe5 12. b4 c6 13. Qb3 Qe7 14. c5+ Kh8 15.
Nd2 Nf7 16. Nc4 Bh6 17. Rad1 Bg5 18. Bxg5 Nxg5 19. Qb2 Ne6 20. Bd3 b6 21. cxb6
axb6 22. a4 Qg7 23. Rfe1 Nd4 24. b5 cxb5 25. axb5 Bb7 26. Nd6 Nc5 27. Nxb7 Nxd3
28. Rxd3 Qxb7 1/2-1/2

[Event "Superettan(Burgsvik-Horndal)"]
[Site "?"]
[Date "2017.01.15"]
[Round "5"]
[White "Olsson, Krister"]
[Black "Fries-Nielsen, Jens Ove"]
[Result "1/2-1/2"]
[WhiteElo "2388"]
[BlackElo "2337"]
[PlyCount "130"]
[EventDate "2017.??.??"]
[SourceDate "2017.01.22"]
1. d4 Nf6 2. c4 c5 3. Nf3 Na6 4. Nc3 e6 5. g3 d6 6. Bg2 Be7 7. O-O O-O 8. b3
Bd7 9. Bb2 Qb6 10. Qd2 Rad8 11. e4 cxd4 12. Nxd4 Nc5 13. h3 Rfe8 14. Kh2 Bf8
15. Rab1 e5 16. Nc2 Bc6 17. Qe2 a5 18. Bc1 h6 19. a3 Bd7 20. Be3 Qc7 21. b4
axb4 22. axb4 Ne6 23. Rfc1 Rc8 24. Na3 Nd4 25. Qd3 Ra8 26. Nd5 Nxd5 27. cxd5
Qd8 28. Nc4 Ra2 29. Ra1 Rxa1 30. Rxa1 g6 31. Rc1 Bb5 32. Bxd4 exd4 33. Qxd4 Bg7
34. Qb6 Qxb6 35. Nxb6 Bd4 36. Nc8 Rd8 37. Kg1 Ba4 38. Bf1 Kg7 39. Rc4 b5 40.
Rc6 Be5 41. f4 Bd4+ 42. Kg2 f5 43. Bd3 Bb3 44. Nxd6 Ra8 45. Rc7+ Kf8 46. Rc8+
Rxc8 47. Nxc8 Bc4 48. Bc2 fxe4 49. Bxe4 Bc3 50. Nd6 Bxb4 51. Nxc4 bxc4 52. Bxg6
Ke7 53. Kf3 Kd6 54. Be4 Be1 55. g4 c3 56. g5 hxg5 57. fxg5 c2 58. Bxc2 Kxd5 59.
Kg4 Ke6 60. Bb3+ Ke7 61. h4 Bd2 62. h5 Kf8 63. h6 Bc1 64. Kf5 Bd2 65. Kg6 Bc1
1/2-1/2

[Event "Superettan(Burgsvik-Horndal)"]
[Site "?"]
[Date "2017.01.15"]
[Round "5"]
[White "Krupenski, Juri"]
[Black "Marcus, Hakan"]
[Result "1-0"]
[WhiteElo "2426"]
[BlackElo "2182"]
[PlyCount "123"]
1. d4 d5 2. c4 c6 3. cxd5 cxd5 4. Bg5 Nf6 5. Bxf6 exf6 6. Nc3 Bb4 7. Rc1 O-O 8.
e3 Be6 9. Bd3 f5 10. Nge2 Nc6 11. O-O Rc8 12. a3 Bd6 13. Na4 Qe7 14. Qd2 Nb8
15. g3 Nd7 16. Qa5 Ra8 17. Nac3 b6 18. Qa6 Nf6 19. Bb1 Rad8 20. Ba2 Bb8 21. Qd3
g5 22. f3 Bc8 23. f4 g4 24. Nd1 h5 25. Nec3 Be6 26. Rf2 Kg7 27. Rfc2 h4 28. Nf2
Rh8 29. Nh1 Ne4 30. Rg2 hxg3 31. Nxg3 Rh3 32. Ncxe4 dxe4 33. Qb1 Kg6 34. Rc6
Rd6 35. Rc3 Rh8 36. Rgc2 Rhd8 37. b4 R6d7 38. Qf1 Bxa2 39. Rxa2 Rc7 40. Rac2
Rdc8 41. Qc1 Rxc3 42. Rxc3 Rxc3 43. Qxc3 Qe6 44. h3 gxh3 45. Kh2 Bd6 46. Qc6
Kh7 47. d5 Qg6 48. Qd7 a5 49. Qxf5 axb4 50. axb4 Bxb4 51. Kxh3 Bc5 52. Qe5 Bxe3
53. Nxe4 Qg1 54. Ng3 Bf2 55. Qe4+ Kg8 56. Nh5 Qf1+ 57. Kg4 Qg1+ 58. Kf3 Bc5 59.
Qe8+ Kh7 60. Qxf7+ Kh6 61. Ng3 Bf2 62. Nf5# 1-0

[Event "Superettan(Burgsvik-Horndal)"]
[Site "?"]
[Date "2017.01.15"]
[Round "5"]
[White "Tiger-Norqvist, Axel"]
[Black "Andersson, Tommy"]
[Result "0-1"]
[WhiteElo "2158"]
[BlackElo "2404"]
[PlyCount "98"]
1. e4 c5 2. Nc3 d6 3. f4 Nc6 4. Nf3 g6 5. Bb5 Bd7 6. Bxc6 Bxc6 7. O-O Bg7 8. d3
Nf6 9. Qe1 Qd7 10. Rb1 O-O 11. Bd2 b5 12. e5 Ng4 13. h3 Nh6 14. Ne4 f6 15. c3
Rad8 16. d4 Qb7 17. exf6 exf6 18. Ng3 cxd4 19. cxd4 f5 20. Bc3 Bd5 21. b3 Rc8
22. Qd2 Kh8 23. Rbe1 Ng8 24. Ng5 Qd7 25. Bb4 Nf6 26. Kh2 h6 27. Nf3 Kh7 28. Ne5
Qd8 29. Ba5 Qe8 30. Bb4 Ne4 31. Nxe4 Bxe4 32. Rxe4 fxe4 33. Bxd6 Rf5 34. Qe2
Qe6 35. g4 Rf6 36. Bc5 Qd5 37. b4 Ra6 38. Rf2 Ra3 39. Qb2 Re3 40. Qd2 Ra3 41.
Qb2 e3 42. Rg2 Bxe5 43. fxe5 Rd3 44. Qe2 Rd2 45. Qf1 e2 46. Qe1 Rxa2 47. Rf2
Rc7 48. Kg1 Qe4 49. e6 Qxe6 0-1

[Event "Superettan(Burgsvik-Horndal)"]
[Site "?"]
[Date "2017.01.15"]
[Round "5"]
[White "Persson, Mats"]
[Black "Angskog, Kent"]
[Result "1-0"]
[WhiteElo "2289"]
[BlackElo "2181"]
[PlyCount "133"]
1. d4 e6 2. Nf3 Nf6 3. g3 d5 4. Bg2 Be7 5. O-O O-O 6. c4 dxc4 7. Qc2 a6 8. a4
Nc6 9. Qxc4 Qd5 10. Nbd2 Rd8 11. e3 Qxc4 12. Nxc4 Rb8 13. Nfd2 Bd7 14. a5 Be8
15. b3 Nd5 16. Bb2 Ndb4 17. Rfd1 f6 18. Bh3 Bf7 19. Nf3 b5 20. axb6 cxb6 21. e4
b5 22. Ne3 Kf8 23. Ne1 Bh5 24. Rd2 Bc5 25. g4 Bg6 26. Rad1 Bd6 27. Bg2 Bf4 28.
Ba3 a5 29. Nd3 Bh6 30. d5 exd5 31. exd5 Ne5 32. Nxb4 axb4 33. Bxb4+ Kg8 34. Rd4
Bxe3 35. fxe3 Rbc8 36. d6 Rd7 37. Ba5 Rc2 38. h3 h5 39. R1d2 Rc1+ 40. Kf2 hxg4
41. hxg4 Bf7 42. g5 fxg5 43. Re4 Nc6 44. Bc7 Bg6 45. Rg4 Bf7 46. Rxg5 Bxb3 47.
Rxb5 Be6 48. Kg3 Rc3 49. Kh2 g6 50. Bb6 Rc4 51. Rc5 Rh4+ 52. Kg1 Nb4 53. Rc7
Rg4 54. Kf2 Rg5 55. Bf3 Rb5 56. Rc8+ Kf7 57. Bc5 g5 58. Bxb4 Rxb4 59. Bc6 Rh4
60. Bxd7 Rh2+ 61. Ke1 Rh1+ 62. Ke2 Bxd7 63. Rc5 g4 64. Re5 Rh2+ 65. Kd3 g3 66.
Rxh2 gxh2 67. Rh5 1-0

[Event "Superettan(Burgsvik-Horndal)"]
[Site "?"]
[Date "2017.01.15"]
[Round "5"]
[White "Rorvall, Goran"]
[Black "Nygren, Kim"]
[Result "0-1"]
[WhiteElo "2165"]
[BlackElo "2213"]
[PlyCount "134"]
1. e4 c5 2. Nf3 Nc6 3. d3 d6 4. g3 Nf6 5. Bg2 e6 6. O-O Be7 7. Re1 O-O 8. Nbd2
Qc7 9. a4 Rb8 10. Nc4 e5 11. Bg5 Be6 12. Ne3 b5 13. axb5 Rxb5 14. b3 Nd4 15.
Nxd4 cxd4 16. Nc4 Ng4 17. Bxe7 Qxe7 18. Ra6 Rd8 19. Qd2 Bc8 20. Ra4 a6 21. Rea1
h6 22. h3 Nf6 23. Kh2 d5 24. exd5 Nxd5 25. Ra5 Nc3 26. Re1 f6 27. f4 Qc7 28.
Raa1 exf4 29. Qxf4 Qd7 30. Na5 Rf5 31. Qd2 Rh5 32. Nc6 Rxh3+ 33. Bxh3 Qxh3+ 34.
Kg1 Qxg3+ 35. Qg2 Qxg2+ 36. Kxg2 Bb7 37. Kg3 Bxc6 38. Rxa6 Bb5 39. Rae6 Rd5 40.
Ra1 Rg5+ 41. Kf2 h5 42. Ra8+ Kh7 43. Rd8 Nd1+ 44. Ke2 Nc3+ 45. Kf2 Nd5 46. Re4
Ne3 47. c4 Rg2+ 48. Kf3 Bc6 49. Rdxd4 f5 50. Kxe3 fxe4 51. dxe4 Rg3+ 52. Kf4
Rxb3 53. e5 h4 54. Kg5 h3 55. e6 Re3 56. Rh4+ Kg8 57. Kf5 Kf8 58. Rh8+ Ke7 59.
Kf4 Rc3 60. Ke5 Bg2 61. Rh7 Rg3 62. Kf5 Bf1 63. Rh4 Rc3 64. Rg4 g6+ 65. Ke5 h2
66. Rxg6 h1=Q 67. Rg7+ Kf8 0-1

[Event "Superettan(Burgsvik-Horndal)"]
[Site "?"]
[Date "2017.01.15"]
[Round "5"]
[White "Linusson, Pelle"]
[Black "Bengts, Torleif"]
[Result "1/2-1/2"]
[WhiteElo "2256"]
[BlackElo "2082"]
[PlyCount "72"]
1. c4 e5 2. g3 c5 3. Bg2 Nf6 4. Nc3 Be7 5. e3 O-O 6. Nge2 Na6 7. O-O Nc7 8. d4
d6 9. d5 a6 10. a4 Bd7 11. a5 Rb8 12. Na4 Na8 13. Bd2 Bf5 14. f3 Qd7 15. e4 Bh3
16. b3 Bxg2 17. Kxg2 b5 18. axb6 Nxb6 19. Nb2 Qb7 20. Ra3 Ne8 21. Qc2 Nd7 22.
Nd3 g6 23. g4 f5 24. exf5 gxf5 25. gxf5 Ng7 26. Ng3 Bh4 27. Nf2 Bxg3 28. hxg3
Nxf5 29. Rh1 Rf7 30. Ng4 Nf8 31. Rh5 Nd4 32. Rg5+ Kh8 33. Nh6 Rg7 34. Qe4 Ng6
35. Nf5 Nxf5 36. Rxf5 Rf8 1/2-1/2

[Event "Superettan(Burgsvik-Horndal)"]
[Site "?"]
[Date "2017.01.15"]
[Round "5"]
[White "Korning, Peter"]
[Black "Larsson, Victor"]
[Result "0-1"]
[WhiteElo "2080"]
[BlackElo "2153"]
[PlyCount "70"]
1. e4 c5 2. d4 cxd4 3. c3 dxc3 4. Nxc3 e6 5. Nf3 a6 6. Bc4 Qc7 7. Bb3 Nc6 8.
O-O Bc5 9. Bg5 Nge7 10. Rc1 f6 11. Nd5 exd5 12. Rxc5 dxe4 13. Bxf6 gxf6 14. Ng5
fxg5 15. Qh5+ Kd8 16. Qxg5 Qd6 17. Rd1 Qg6 18. Qh4 Rf8 19. Rh5 Rf4 20. Qxf4
Qxh5 21. Qf8+ Kc7 22. Qf4+ Qe5 23. Qh4 d5 24. Qxh7 Bf5 25. Qh4 Rh8 26. Qg3 Qxg3
27. hxg3 d4 28. Rd2 d3 29. Bd1 Ne5 30. b3 Nd5 31. a3 Nc3 32. g4 Bxg4 33. Bxg4
Nxg4 34. f3 Ne2+ 35. Kf1 Rh1# 0-1

[Event "Superettan(Burgsvik-Horndal)"]
[Site "?"]
[Date "2017.01.15"]
[Round "5"]
[White "Andersson, Bjorn"]
[Black "Eriksson, Magnus"]
[Result "1/2-1/2"]
[WhiteElo "2210"]
[BlackElo "2037"]
[PlyCount "71"]
1. e4 e6 2. d4 d5 3. e5 c5 4. c3 Nc6 5. Nf3 Nh6 6. a3 f6 7. b4 fxe5 8. b5 e4 9.
bxc6 exf3 10. Bb5 Kf7 11. Bxh6 gxh6 12. Qxf3+ Qf6 13. Nd2 cxd4 14. cxd4 Bd6 15.
O-O bxc6 16. Bxc6 Rb8 17. Qd3 Qg6 18. Qf3+ Qf6 19. Rfe1 Rb6 20. Qc3 Ba6 21. Bd7
Kg7 22. Qh3 Bc8 23. Bxc8 Rxc8 24. Nf1 Rc2 25. Qg4+ Kh8 26. Re2 Rxe2 27. Qxe2
Qxd4 28. Rc1 Rb2 29. Qf3 Qf4 30. Qc3+ Be5 31. Qc8+ Kg7 32. Qd7+ Kf6 33. Qd8+
Kf7 34. Qd7+ Kf6 35. Qd8+ Kf7 36. Qd7+ 1/2-1/2

[Event "Superettan(Stockholms SS-Horndal)"]
[Site "?"]
[Date "2017.01.14"]
[Round "4"]
[White "Tiger-Norqvist, Axel"]
[Black "Thorn, Eric"]
[Result "1/2-1/2"]
[WhiteElo "2158"]
[BlackElo "2279"]
[PlyCount "55"]
[EventDate "2017.??.??"]
1. e4 e5 2. Nf3 Nc6 3. Bb5 a6 4. Ba4 Nf6 5. O-O Be7 6. Re1 b5 7. Bb3 O-O 8. c3
d6 9. h3 Na5 10. Bc2 c5 11. d4 Qc7 12. Nbd2 cxd4 13. cxd4 Nc6 14. Nb3 a5 15.
Be3 a4 16. Nbd2 Bd7 17. Nf1 Rac8 18. Rc1 Qb7 19. Ng3 Rfe8 20. Qd2 Bd8 21. d5
Na5 22. Bd3 Nc4 23. Bxc4 bxc4 24. Qc2 Ba5 25. Bd2 Bb6 26. Be3 Ba5 27. Bd2 Bb6
28. Be3 1/2-1/2

[Event "Superettan(Upsala-Vasteras)"]
[Site "?"]
[Date "2017.01.14"]
[Round "4"]
[White "Vaarala, Eric"]
[Black "Malm Lindberg, Henrik"]
[Result "1/2-1/2"]
[WhiteElo "2287"]
[BlackElo "2232"]
[PlyCount "53"]
1. d4 Nf6 2. c4 e6 3. Nc3 Bb4 4. e3 O-O 5. Nge2 d5 6. a3 Be7 7. Nf4 dxc4 8.
Bxc4 c5 9. d5 exd5 10. Ncxd5 Nxd5 11. Bxd5 Nd7 12. Bd2 Nf6 13. Bc3 Nxd5 14.
Qxd5 Qxd5 15. Nxd5 Bd8 16. O-O-O f6 17. e4 Re8 18. Rhe1 Kf7 19. f3 Be6 20. Rd3
Rc8 21. Red1 Bc7 22. g3 Red8 23. Kc2 b6 24. Nxc7 Rxd3 25. Rxd3 Rxc7 26. Rd2 Rd7
27. Rxd7+ 1/2-1/2

[Event "Superettan(Stockholms SS-Horndal)"]
[Site "?"]
[Date "2017.01.14"]
[Round "4"]
[White "Cuoso, Luis"]
[Black "Bengts, Torleif"]
[Result "1-0"]
[WhiteElo "2299"]
[BlackElo "2082"]
[PlyCount "75"]
1. c4 e5 2. g3 c5 3. Nc3 Nf6 4. Bg2 Be7 5. Nf3 Nc6 6. O-O O-O 7. Ne1 d6 8. Nc2
Be6 9. Ne3 Qd7 10. Re1 Rab8 11. Ned5 Bd8 12. d3 a6 13. a4 h6 14. Rb1 Ne8 15.
Bd2 Ba5 16. e3 Nc7 17. Nxc7 Bxc7 18. Nd5 b5 19. axb5 axb5 20. b3 bxc4 21. bxc4
Rxb1 22. Qxb1 Rb8 23. Qa1 Bxd5 24. Bxd5 Nb4 25. Bxb4 Rxb4 26. Qa7 Qc8 27. Ra1
Qb8 28. Kg2 Kf8 29. Qa2 Rb2 30. Qa4 Ke7 31. Qd1 Qe8 32. Ra7 Kd8 33. Qh5 Qe7 34.
Qf5 f6 35. Bb7 Qd7 36. Ra8+ Ke7 37. Qg6 Bd8 38. Bd5 1-0

[Event "Superettan(Upsala-Vasteras)"]
[Site "?"]
[Date "2017.01.14"]
[Round "4"]
[White "Svensson, Mans"]
[Black "Bergstrom, Peter"]
[Result "1-0"]
[WhiteElo "2163"]
[BlackElo "2280"]
[PlyCount "103"]
1. d4 d5 2. c4 c6 3. Nf3 Nf6 4. Qc2 dxc4 5. e4 Bg4 6. Nbd2 b5 7. b3 e6 8. Bb2
Bxf3 9. gxf3 cxb3 10. axb3 Be7 11. Bd3 g6 12. Rg1 O-O 13. Qc3 a5 14. d5 b4 15.
Qd4 cxd5 16. e5 Nc6 17. Qf4 Nh5 18. Qh6 Ng7 19. Rg3 f5 20. f4 Rf7 21. Nf3 Ne8
22. Ke2 a4 23. bxa4 b3 24. Bb5 Rc8 25. Rag1 Bf8 26. Qh3 Ne7 27. Nd4 Qb6 28.
Rxb3 Ng7 29. Qd3 Nh5 30. Kf3 Qc7 31. Nxe6 Qa5 32. Nxf8 Kxf8 33. Rc1 Rxc1 34.
Bxc1 g5 35. Bd2 Qa8 36. Qd4 Nxf4 37. Bxf4 gxf4 38. Rc3 Ng6 39. Bc6 Qa6 40. Bb5
Qe6 41. Kg2 Nxe5 42. Qxf4 Rg7+ 43. Rg3 Rxg3+ 44. hxg3 Ng6 45. Qf3 Kg7 46. a5 f4
47. a6 fxg3 48. fxg3 d4 49. Qb7+ Kh6 50. a7 Qg4 51. Qc6 Kg7 52. Qd7+ 1-0